FINANCIAL EXPERT (Record no. 36370)

MARC details
000 -LEADER
fixed length control field 00348nam a2200157Ia 4500
008 - FIXED-LENGTH DATA ELEMENTS--GENERAL INFORMATION
fixed length control field 200305s9999 xx 000 0 und d
020 ## - INTERNATIONAL STANDARD BOOK NUMBER
International Standard Book Number 978-81-8598-605-0
082 ## - DEWEY DECIMAL CLASSIFICATION NUMBER
Classification number 823
082 ## - DEWEY DECIMAL CLASSIFICATION NUMBER
Item number NAF
041 ## - LANGUAGE CODE
Language code of text/sound track or separate title eng
100 ## - MAIN ENTRY--PERSONAL NAME
Personal name NARAYAN R K
245 ## - TITLE STATEMENT
Title FINANCIAL EXPERT
260 ## - PUBLICATION, DISTRIBUTION, ETC.
Place of publication, distribution, etc. NEW DELHI
Name of publisher, distributor, etc. INDIAN THOUGH
300 ## - PHYSICAL DESCRIPTION
Extent 217
650 ## - SUBJECT ADDED ENTRY--TOPICAL TERM
Topical term or geographic name entry element ENGLISH
Holdings
Withdrawn status Lost status Damaged status Not for loan Home library Current library Date acquired Cost, normal purchase price Total Checkouts Full call number Barcode Date last seen Date last checked out Cost, replacement price Price effective from Koha item type
        Chaudhary Ranbir Singh University Chaudhary Ranbir Singh University 05.03.2020 135.00 1 823 NAF 6653 09.05.2023 25.04.2023 135.00 05.03.2020 Books


Copyright © 2025 CRSU. All Rights Reserved.